| 000 | 01590nam a22003137a 4500 | ||
|---|---|---|---|
| 999 |
_c371509 _d371509 |
||
| 003 | BLK | ||
| 005 | 20250416165318.0 | ||
| 008 | 200630b bu ||||| |||| 00| 0 bu d | ||
| 020 | _a978-619-01-0448-3 | ||
| 040 | _aBLK | ||
| 041 |
_aBUL _cBUL |
||
| 080 |
_aИздания за деца и юноши. Книжки-картинки. Читанки. Вж и 372.4 _b087.5 _z087.5 |
||
| 100 | 1 |
_9110735 _aПинингтън, Андреа _eпърви автор |
|
| 139 |
_aПинингтън, Андреа и др. _bП 51 |
||
| 245 |
_aКак звучат суперколите _bКнижка с картинки _cАндреа Пинингтън; съавт. Каз Бъкингам; прев. от англ. Ангелин Мичев |
||
| 257 | _aUSA | ||
| 260 |
_9210881 _aСофия _bИзток-Запад _c2019 _n978-619-01- ; 978-619-152- ; 978-954-321- ; 954-8945- |
||
| 300 |
_a[24] с. _bс цв. ил. _c21Х26 см |
||
| 380 | _aDN | ||
| 500 | _aКор. опис. - Ориг. загл., установено от доп. източник: The sound of supercars. - Кн. отпеч. на ламиниран картон. - Нестандартно оформление: с муз. кутия | ||
| 650 | 0 |
_9267880 _aКнижки-картинки |
|
| 653 | 7 |
_9188737 _aкниги-игри |
|
| 700 |
_9395556 _aБъкингам, Каз _eсъавт. |
||
| 700 | 1 |
_aМичев, Ангелин Димитров _998175 |
|
| 852 |
_aЦб 299470 _bЦб |
||
| 942 |
_cKNG _n0 _s1 _025 |
||
| 944 |
_aCR _c2020-06-30 _k30551 _lБояна Костадинова |
||
| 999 | _d371509 | ||